000 00178nam a22000857a 4500
020 _a0717266605
082 _aK800
245 _aPETER PAN IN RETURN TO NEVERLAND - DISNEY
942 _cBK
999 _c2985
_d2985